| 000 | 00366nam a22001337a 4500 | ||
|---|---|---|---|
| 008 | 160523b xxu||||| |||| 00| 0 eng d | ||
| 020 | _a9780781795975 | ||
| 020 | _a9780781795975 | ||
| 020 | _a0781795974 | ||
| 041 | _aeng | ||
| 080 | _a618.2 | ||
| 245 |
_aInformatics and nursing competencies and applications: _cLinda Q. Thaede; Jeanne P. Spwell; |
||
| 942 |
_2udc _cBK |
||
| 999 |
_c2368 _d2368 |
||